000 00795nam a22002297a 4500
005 20170124110013.0
010 _aB-030846
020 _c00.00
_a8176482412
035 _aB-030846
037 _bCen Lib/Ret
040 _aDPL
_bEN
082 _a300.72
_bTES
100 _aChandrakandan, K.
_918118
245 _aTests and measurements in Social Research /
_cby K. Chandrakandan... [et al.]
260 _aNew Delhi
_bA. P. H. Publishing Corporation
_c2001
270 _bNew Delhi
_a5, Ansari Road, Darya Ganj
_e110002
300 _avii,416p.
_c22cm(Hb)
500 _aIncludes bibliographical references and index
650 _aSocial sciences -- Research -- Methodology
_918119
650 _aSocial sciences -- Study and teaching
_918120
942 _2ddc
_cEN
_h300.72
_mTES
999 _c126664
_d126664